Statistics for Five Biggest Rice-Producing Countries by Continent

Click here to take the quiz!

General Stats

  • This quiz has been taken 324 times
  • The average score is 25 of 30

Answer Stats

ContinentProductionCountry% Correct
Asia208,239,610China
98%
North America10,025,980United States
98%
South America12,175,602Brazil
97%
North America232,159Mexico
97%
South America1,581,810Argentina
96%
Oceania819,000Australia
95%
Asia208,239,610India
95%
South America2,874,654Peru
95%
South America1,828,254Colombia
93%
North America576,400Cuba
93%
Europe1,386,100Italy
92%
Europe863,600Spain
92%
Asia70,846,465Indonesia
90%
Asia44,974,206Vietnam
88%
South America1,448,392Ecuador
87%
Africa6,734,000Nigeria
85%
Oceania5,580Fiji
84%
Europe269,400Greece
84%
Europe162,100Portugal
82%
North America718,237Dominican Republic
81%
Africa6,000,000Egypt
78%
Oceania1,300Papua New Guinea
78%
Europe1,048,566Russia
78%
North America281,235Panama
76%
Asia52,231,000Bangladesh
74%
Oceania3,940Solomon Islands
71%
Africa2,621,034Tanzania
66%
Oceania170Micronesia
61%
Africa3,978,000Madagascar
45%
Africa2,166,830Mali
39%

Score Distribution

Percentile by Number Answered

Percent of People with Each Score

Your Score History

You have not taken this quiz